শ্রীশ্রীগীতগোবিন্দম : (Record no. 48976)
[ view plain ]
| 000 -LEADER | |
|---|---|
| fixed length control field | 01369nam a2200253 a 4500 |
| 001 - CONTROL NUMBER | |
| control field | 48976 |
| 003 - CONTROL NUMBER IDENTIFIER | |
| rucl marc code | BD-RjUL |
| 005 - DATE AND TIME OF LATEST TRANSACTION | |
| control field | 20211209054621.0 |
| 008 - FIXED-LENGTH DATA ELEMENTS--GENERAL INFORMATION | |
| fixed length control field | 160817s1986 ii a|||| |||| 00| 0 ben d |
| 020 ## - INTERNATIONAL STANDARD BOOK NUMBER | |
| Terms of availability | : Tk. 25.00 |
| 035 ## - SYSTEM CONTROL NUMBER | |
| System control number | (BD-RjUL) 49095 |
| 040 ## - CATALOGING SOURCE | |
| Original cataloging agency | BD-RjUL |
| Language of cataloging | ben |
| Transcribing agency | BD-RjUL |
| 041 ## - LANGUAGE CODE | |
| Language code of text/sound track or separate title | ben |
| 082 ## - DEWEY DECIMAL CLASSIFICATION NUMBER | |
| Edition number | 23 |
| Classification number | 891.209 |
| Author mark and year | GOS 1986 |
| 100 1# - MAIN ENTRY--PERSONAL NAME | |
| Personal name | গোস্বামী, জয়দেব |
| 9 (RLIN) | 147453 |
| 245 10 - TITLE STATEMENT | |
| Title | শ্রীশ্রীগীতগোবিন্দম : |
| Remainder of title | মূল সংস্কৃত এবং বিবিধ পদ্যছন্দে সরল বাংলা ভাষায় পদ্যানুবাদ / |
| Statement of responsibility, etc. | জয়দেব গোস্বামী ; নরহরি দাস, অনুবাদক ; বেণীমাধব শীল সম্পাদিত |
| 260 ## - PUBLICATION, DISTRIBUTION, ETC. (IMPRINT) | |
| Place of publication, distribution, etc. | কলিকাতা : |
| Name of publisher, distributor, etc. | অক্ষয় লাইব্রেরী, |
| Date of publication, distribution, etc. | ১৯৮৬ (১৩৯৩) |
| 300 ## - PHYSICAL DESCRIPTION | |
| Pagination | ১৬৮ পৃ. : |
| Illustrations | চিত্র ; |
| Size | ২১ সেমি. |
| 650 ## - SUBJECT ADDED ENTRY--TOPICAL TERM | |
| Topical term or geographic name as entry element | সংস্কৃত সাহিত্য |
| General subdivision | ইতিহাস ও সমালোচনা |
| 9 (RLIN) | 119695 |
| Topical term or geographic name as entry element | Sanskrit Literature |
| General subdivision | History and Criticism |
| 9 (RLIN) | 119696 |
| 700 ## - ADDED ENTRY--PERSONAL NAME | |
| Personal name | দাস, নরহরি, অনুবাদক |
| Personal name | শীল, বেণীমাধব, সম্পাদিত |
| 942 ## - ADDED ENTRY ELEMENTS (KOHA) | |
| Source of classification or shelving scheme | Dewey Decimal Classification |
| Koha item type | Books |
| Lost status | Source of classification or shelving scheme | Damaged status | Not for loan | Collection code | Permanent Location | Current Location | Shelving location | Date acquired | Source of acquisition | Cost, normal purchase price | Total Checkouts | Full call number | Date last seen | Copy number | Koha item type |
|---|---|---|---|---|---|---|---|---|---|---|---|---|---|---|---|
| Dewey Decimal Classification | Not For Loan | Non-fiction | Central Library, University of Rajshahi | Central Library, University of Rajshahi | Reading Room | 27/08/1996 | Uttar Banga Library, Rajshahi | 35.00 | B 891.209 GOS 1986 | 17/08/2016 | C-1 | Books | |||
| Dewey Decimal Classification | Non-fiction | Central Library, University of Rajshahi | Central Library, University of Rajshahi | General Stacks | 27/08/1996 | Uttar Banga Library, Rajshahi | 35.00 | B 891.209 GOS 1986 | 17/08/2016 | C-2 | Books |